000 01483nkm a2200289 i 4500
001 3005
003 ES-MaACL
005 20250718234739.0
007 khrbo
008 041105s1981 sp --- g |001||spa d
100 0 _aAlfonso,
_d1902-1990
_919858
245 1 0 _aDe las propuestas de Bayona y Cádiz y la ruptura del bloque hispano-americano a la consolidación del estado liberal [
_hFotografía] /
_cAlfonso (sello).
260 _a[S.l. :
_bs.n.],
_c1981.
300 _a4 fot. :
_bb. y n. ;
_c12 x 18 cm.
490 1 _aConferencias sobre el ordenamiento territorial del estado en la historia de España
500 _aDatos basados en invitación.
511 0 _aInterviene: Josep Fontana i Lázaro, José Alcalá-Zamora y Queipo de Llano.
518 _aActo organizado por la Sección de Historia del Ateneo de Madrid, dirigida por José Alcalá-Zamora y Queipo de Llano, celebrado en el salón de actos, el miercoles 27 de mayo de 1981, a las 20:00 h.
600 1 4 _aFontana, Josep,
_d1931-2018
_951600
600 1 4 _aAlcalá-Zamora, José,
_d1939-2019
_919471
610 2 4 _aAteneo de Madrid-
_xActos culturales-
_y1981-
_vFotografías.
_91892
710 2 _aAteneo de Madrid.
_bSección de Historia.
_91994
830 0 _aConferencias sobre el ordenamiento territorial del Estado en la historia de España
_9176672
852 _aES-MaACL
_jFOT 38/1981
856 4 _uhttp://www.ateneodemadrid.net/biblioteca_digital/imagenes/1981/0038-1981.jpg
_zVer imagen
999 _c3005
_d3005